| 000 | 01360nkm a2200325 i 4500 | ||
|---|---|---|---|
| 001 | 3954 | ||
| 003 | ES-MaACL | ||
| 005 | 20250713062855.0 | ||
| 007 | khrbo | ||
| 008 | 070619s1987 sp --- g |001||spa d | ||
| 100 | 0 |
_aAlfonso, _d1902-1990 _919858 |
|
| 245 | 1 | 0 |
_aMedios de comunicación social, cuarto poder en democracia [ _hFotografía] / _cAlfonso (sello). |
| 260 |
_a[S.l. : _bs.n.], _c1987. |
||
| 300 |
_a2 fot. : _bb. y n. ; _c12 x 18 cm. |
||
| 490 | 1 | _aCiclo de debates por la democracia | |
| 500 | _aDatos basados en invitación. | ||
| 511 | 0 | _aIntervienen: Antonio Alférez, Basilo Rogado, Eduardo Sotillos, Vicente Verdú; moderador: Joaquín Arozamena. | |
| 518 | _aActo organizado por el Ateneo de Madrid, celebrado en el salón de actos el lunes, 16 de febrero de 1987, a las 20:00 h. | ||
| 600 | 1 | 4 |
_aAlférez, Antonio. _919834 |
| 600 | 1 | 4 |
_aRogado, Basilio. _998920 |
| 600 | 1 | 4 |
_aSotillos, Eduardo. _9107474 |
| 600 | 1 | 4 |
_aVerdú, Vicente. _9114049 |
| 600 | 1 | 4 |
_aArozamena, Joaquín. _923174 |
| 610 | 2 | 4 |
_aAteneo de Madrid- _xActos culturales- _y1987- _vFotografías. _91902 |
| 710 | 2 |
_aAteneo de Madrid. _91875 |
|
| 830 | 0 |
_aCiclo de debates por la democracia _9176975 |
|
| 852 |
_aES-MaACL _jFOT 20/1987 |
||
| 856 | 4 |
_uhttp://www.ateneodemadrid.net/biblioteca_digital/imagenes/1987/0020-1987.jpg _zVer imagen |
|
| 999 |
_c3954 _d3954 |
||